| 000 | 00667nam a2200169 a 4500 | ||
|---|---|---|---|
| 008 | 161014s2015 ||||||||||||||||| || u | ||
| 020 | _a9780857096623 | ||
| 050 | _aQH 515 Bio | ||
| 100 | _aMeglinski, Igor | ||
| 245 | 1 | 0 |
_aBiophotonics for medical applications _cEdited By Igor Meglinski |
| 260 |
_aAmsterdam: _bWoodhead Publishing Ltd _c2015 |
||
| 300 | _axv, 385p.: ill. | ||
| 490 | _aWoodhead publishing series in biomaterials | ||
| 650 | _aPHOTOBIOLOGY | ||
| 650 | _aPHOTONICS | ||
| 995 |
_aMICHAEL CHILUFYA SATA OPEN ACCESS _e747215 _FCBU-SCHOOL OF MEDICINE LIBRARY (Ndola) _jQH 515 Bio _M1 _UAVAILABLE _WNov 18, 2016 _y747215 _ZMedical Library Open Access Collection |
||
| 999 |
_c30877 _d30877 |
||